Từ điển sinh học Anh - Việt Khoảng 50.000 thuật ngữ
v...v
Đã lưu trong:
| Tác giả chính: | |
|---|---|
| Định dạng: | Sách |
| Năm xuất bản: |
H.
Khoa học Kỹ thuật
1997
|
| Chủ đề: | |
| Tags: |
Thêm thẻ
Không có thẻ, Hãy là người đầu tiên gắn thẻ bản ghi này!
|
| LEADER | 01472nam a2200229 4500 | ||
|---|---|---|---|
| 082 | |a 570.3 |b T550đ | ||
| 100 | |a Lê Mạnh Chiến | ||
| 242 | |a English- Vietnamese and Vietnames- English dictionary of biology | ||
| 245 | |a Từ điển sinh học Anh - Việt |c Lê Mạnh Chiến, Lê Thị Hà, Nguyễn Thu Hiền,.. |b Khoảng 50.000 thuật ngữ | ||
| 260 | |a H. |b Khoa học Kỹ thuật |c 1997 | ||
| 300 | |a 1693 tr. |c 21 cm | ||
| 520 | |a v...v | ||
| 653 | |a Sinh học | ||
| 653 | |a Tiếng Anh | ||
| 653 | |a Tiếng Việt | ||
| 653 | |a Từ điển | ||
| 942 | |2 ddc |c STK0 | ||
| 999 | |c 5249 |d 5249 | ||
| 952 | |0 0 |1 0 |2 ddc |4 0 |6 570_300000000000000_T550Đ |7 0 |8 500 |9 50650 |a qbu |b qbu |c D4 |d 2014-12-21 |g 195000 |o 570.3 T550đ |p 3103.C1 |r 0000-00-00 |w 2014-12-21 |y STK0 |0 0 |6 570_300000000000000_T550Đ |0 0 |6 570_300000000000000_T550Đ | ||
| 952 | |0 0 |1 0 |2 ddc |4 0 |6 570_300000000000000_T550Đ |7 0 |8 500 |9 50651 |a qbu |b qbu |c D4 |d 2014-12-21 |g 195000 |o 570.3 T550đ |p 3103.C2 |r 0000-00-00 |w 2014-12-21 |y STK0 |0 0 |6 570_300000000000000_T550Đ |0 0 |6 570_300000000000000_T550Đ | ||
| 952 | |0 0 |1 0 |2 ddc |4 0 |6 570_300000000000000_T550Đ |7 0 |8 500 |9 50652 |a qbu |b qbu |c D4 |d 2014-12-21 |g 195000 |o 570.3 T550đ |p 3103.C3 |r 0000-00-00 |w 2014-12-21 |y STK0 |0 0 |6 570_300000000000000_T550Đ |0 0 |6 570_300000000000000_T550Đ | ||
| 952 | |0 0 |1 0 |2 ddc |4 0 |6 570_300000000000000_T550Đ |7 0 |8 500 |9 50653 |a qbu |b qbu |c D4 |d 2014-12-21 |g 195000 |o 570.3 T550đ |p 3103.C4 |r 0000-00-00 |w 2014-12-21 |y STK0 |0 0 |6 570_300000000000000_T550Đ |0 0 |6 570_300000000000000_T550Đ | ||